000 00737nam a22001695i 4500
001 158177
003 ES-MaACL
005 20250716063315.0
008 040825s1879 sp |||| | spa d
040 _aCAM
_bspa
_cCAM
100 1 _aLuanco, José Ramón de,
_d1825-1905
_974486
245 1 0 _aOracion inaugural del año académico de 1879 á 1880 leida en la Universidad de Salamanca /
_cpor José Ramon de Luanco.
260 _aBarcelona :
_b[s.n.],
_c1876 [i.e. 1879] (
_fImprenta de Jaime Jepús)
300 _a19 p. ;
_c32 cm.
852 _aES-MaACL
_jT-657-F-9
_z-- Enc. hol. conservando la cub. original
_z-- Dedicatoria ms. del autor a Gustavo [¿ Saenz Diez ?]
_z-- Enc. en un vol. facticio
999 _c158177
_d158177